000 00374nam a2200145Ia 4500
008 150201s2002 xx 000 0 und d
082 _a618
_bH2002D
100 _aSHIRISH N. DAFTARY
245 _aHOLLAND AND BREWS MANUAL OF OBSTETRICS
250 _a16TH
260 _bCHURCHILL LIVINGSTONE
_aEDINBURGH
_c2002
300 _a1-382
650 _aGYNAECOLOGY
942 _2ddc
_cBK
999 _c2756
_d2756